000
00291nam a2200109Ia 4500
005
20251222154314.0
008
251222s9999||||xx |||||||||||||| ||spa||
082
_a
918.46/V65
100
_a
"Vila Valenti, J.Capel, Horacio"
245
0
_a
Campo y ciudad en la geografía española
942
_c
LIB
999
_c
33519
_d
33519